Hãy tìm tôi giữa cánh đồng (Tản văn, truyện ngắn)

Tallennettuna:
Bibliografiset tiedot
Päätekijä: Đặng, Nguyễn Đông Vy
Aineistotyyppi: Kirja
Kieli:Undetermined
Julkaistu: Tp, Hồ Chí Minh Hội nhà văn 2012
Aiheet:
Tagit: Lisää tagi
Ei tageja, Lisää ensimmäinen tagi!
Thư viện lưu trữ: Trung tâm Học liệu Trường Đại học Cần Thơ
LEADER 00662nam a2200205Ia 4500
001 CTU_181271
008 210402s9999 xx 000 0 und d
020 |c 50000 
082 |a 895.92234 
082 |b V600 
100 |a Đặng, Nguyễn Đông Vy 
245 0 |a Hãy tìm tôi giữa cánh đồng 
245 0 |b (Tản văn, truyện ngắn) 
245 0 |c Đặng Nguyễn Đông Vy 
260 |a Tp, Hồ Chí Minh 
260 |b Hội nhà văn 
260 |c 2012 
650 |a Vietnamese fiction,Văn học Việt Nam 
650 |y 21st century,Thế kỷ 21 
980 |a Trung tâm Học liệu Trường Đại học Cần Thơ